000 00313nam a22001337a 4500
003 OSt
005 20160727222457.0
008 160705b xxu||||| |||| 00| 0 eng d
100 _92207
_a Clark, E
245 _aFlame of Anger
260 _aMichigan
_b Zonderan
_c1966
300 _aFlame of Anger
942 _2ddc
_cBK
999 _c1897
_d1897